000 00813 a2200313 4500
260 _aParis
630 _a91 - Geographie. Exploration de la terre, des diverses regions, des divers pays. Voyages. Geographie regionale
650 _a9 - GEOGRAPHIE ET HISTOIRE
100 _aTricart, Jean
700 _aCailleux, André
260 _bS.E.D.E.S.
245 _aLe Modelé des régions périglaciaires
440 _vTraité II
300 _a511 p.
650 _aGéomorphologie
650 _aGlace
650 _aRégion périglaciaire
650 _aZone froide
650 _aRégion glaciaire
260 _c1967
300 _b24 cm
100 _lFr
440 _aTraité de géomorphologie
037 _aL 0131
037 _aL 0133
037 _aL 0134
037 _aL 0132
999 _c35299
_d35299